Statistiques concernant Culture Générale - Série 124

Cliquez ici pour prendre le quiz!

Statistiques générales

  • Ce quiz a été pris 72 fois
  • Le résultat moyen est 5 sur 10

Statistiques - réponses

Question Réponse % Correct
Quel est le prénom du personnage nommé Leblanc dans "Le Dîner de cons" ?Just
79%
Quelle est la nationalité du pilote automobile Mika Hakkinen ?Finlandaise
70%
Quel dieu grec a été identifié à Bacchus par les Romains ?Dionysos
54%
Qui joue le fermier Aymé Pigrenet dans le film "Je vous trouve très beau" ?Michel Blanc
47%
Quel pays vécut sous la dictature des Duvalier entre 1957 et 1986 ?Haïti
41%
En 2004, à quel chanteur doit-on le single "Seul au monde" ?Corneille
39%
Quels termes désignent la gauche et la droite d'une scène de théâtre ?Cour et jardin
34%
Quel hors-d'oeuvre est à base d'oeufs de poisson et de mie de pain ?Tarama
33%
Quelle star du box-office fut révélée par la série "Clair de lune" ?Bruce Willis
29%
Quel grand guitariste reprend "I Shot the Sherif", de Bob Marley, en 1974 ?Eric Clapton
27%

Distribution des résultats

Percentile by Number Answered

% des personnes avec chaque résultat

Votre développement - résultats

Vous n’avez pas pris ce quiz